Un pays frontalier pour chaque pays - Europe - Statistiques

Statistiques générales
  • Ce quiz a été pris 148 fois
  • Le résultat moyen est 41 sur 48
Statistiques - réponses
Pays Pays frontaliers % Correct
Autriche Allemagne, Hongrie, Italie, Liechtenstein, République Tchèque, Slovaquie, Slovénie, Suisse
100%
Allemagne Autriche, Belgique, Danemark, France, Luxembourg, Pays-Bas, Pologne, République Tchèque, Suisse
100%
Belgique Allemagne, France, Luxembourg, Pays-Bas
99%
Biélorussie Lettonie, Lituanie, Pologne, Russie, Ukraine
99%
Andorre Espagne, France
98%
Albanie Grèce, Macédoine du Nord, Monténégro, Serbie
95%
Bulgarie Grèce, Macédoine du Nord, Roumanie, Serbie, Turquie
95%
Bosnie-Herzegovine Croatie, Monténégro, Serbie
93%
France Allemagne, Andorre, Belgique, Brésil, Espagne, Italie, Luxembourg, Monaco, Pays-Bas, Suisse, Suriname
92%
Espagne Andorre, France, Maroc, Portugal, Royaume-Uni
91%
Italie Autriche, France, Saint-Marin, Slovénie, Suisse, Vatican
90%
Finlande Norvège, Russie, Suède
90%
Luxembourg Allemagne, Belgique, France
89%
Croatie Bosnie-Herzegovine, Hongrie, Monténégro, Serbie, Slovénie
89%
Monaco France
89%
Estonie Lettonie, Russie
89%
Suisse Allemagne, Autriche, France, Italie, Liechtenstein
88%
Pays-Bas Allemagne, Belgique, France
88%
Pologne Allemagne, Biélorussie, Lituanie, République Tchèque, Russie, Slovaquie, Ukraine
88%
Hongrie Autriche, Croatie, Roumanie, Serbie, Slovaquie, Slovénie, Ukraine
88%
Russie Azerbaïdjan, Biélorussie, Chine, Corée du Nord, Estonie, Finlande, Géorgie, Kazakhstan, Lettonie, Lituanie, Mongolie, Norvège, Pologne, Ukraine
88%
Lettonie Biélorussie, Estonie, Lituanie, Russie
88%
Ukraine Biélorussie, Hongrie, Moldavie, Pologne, Roumanie, Russie, Slovaquie
88%
Lituanie Biélorussie, Lettonie, Pologne, Russie
88%
Royaume-Uni Chypre, Espagne, Irlande
88%
Portugal Espagne
88%
Suède Finlande, Norvège
88%
Norvège Finlande, Russie, Suède
88%
Vatican Italie
88%
Irlande Royaume-Uni
88%
Danemark Allemagne, Canada
87%
Géorgie Arménie, Azerbaïdjan, Russie, Turquie
87%
Grèce Albanie, Bulgarie, Macédoine du Nord, Turquie
86%
Tchéquie Allemagne, Autriche, Pologne, Slovaquie
86%
Liechtenstein Autriche, Suisse
86%
Serbie Albanie, Bosnie-Herzegovine, Bulgarie, Croatie, Hongrie, Kosovo, Macédoine du Nord, Monténégro, Roumanie
85%
Roumanie Bulgarie, Hongrie, Moldavie, Serbie, Ukraine
85%
Turquie Arménie, Azerbaïdjan, Bulgarie, Géorgie, Grèce, Irak, Iran, Syrie
84%
Slovénie Autriche, Croatie, Hongrie, Italie
84%
Slovaquie Autriche, Hongrie, Pologne, République Tchèque, Ukraine
84%
Saint-Marin Italie
84%
Moldavie Roumanie, Ukraine
84%
Kosovo Serbie, Macédoine du Nord, Albanie, Monténégro
84%
Macédoine du Nord Albanie, Bulgarie, Grèce, Serbie
83%
Monténégro Albanie, Bosnie-Herzegovine, Croatie, Kosovo
81%
Islande Aucun
51%
Malte Aucun
50%
Chypre Royaume-Uni
48%
Aucun quiz correspondant
Distribution des résultats
% des personnes avec chaque résultat
Percentile par nombre de réponses
Votre historique - résultats
Vous n’avez pas pris ce quiz